000 00632nam a2200277Ia 4500
005 20260324143153.0
008 008 260324s9999 xx 000 0 eng d
020 _a9780429032554
037 _aEBOOK
040 _aCRL
040 _beng
040 _cCRL
041 _2eng
041 _aeng
084 _qCRL
100 _aJohn Russell
_91183527
245 0 _aMeanings Of Modern Art, Revised
260 _bTaylor and Francis
260 _c1992
365 _a
365 _b195
856 _uhttp://www.taylorfrancis.com/books/9780429032554
942 _cEBOOK
999 _c1819728
_d1819728